Medzinárodné partnerstvá škôl - program eTwinning a jeho integrácia do života školy impulz pre rozvoj osobných aktivít

Program eTwinnig - partnerstvo škôl - z anglických slov e-elektronický a twin-dvojčatá. Európska iniciatíva ako súčasť európskeho Programu celoživotného vzdelávania. Učenie bez hraníc v bežnom školskom dni. Prínos partnerstva medzi školami.

Saved in:
Bibliographic Details
Main Author: Sokolíková, Ľubica
Format: Book Chapter
Language:Slovak
Subjects:
Tags: Add Tag
No Tags, Be the first to tag this record!

MARC

LEADER 00000naa a2200000 4500
001 0121521
005 20231127102136.6
041 0 |a slo 
044 |a SK 
245 1 0 |a Medzinárodné partnerstvá škôl - program eTwinning a jeho integrácia do života školy  |b impulz pre rozvoj osobných aktivít  |c Ľubica Sokolíková 
520 |a Program eTwinnig - partnerstvo škôl - z anglických slov e-elektronický a twin-dvojčatá. Európska iniciatíva ako súčasť európskeho Programu celoživotného vzdelávania. Učenie bez hraníc v bežnom školskom dni. Prínos partnerstva medzi školami. 
610 2 0 |a školy 
610 2 0 |a školstvo 
610 2 0 |a výchova 
610 2 0 |a vzdelávanie 
610 2 0 |a pedagogika 
610 2 0 |a integrácia 
610 2 0 |a komunikácia multikultúrna 
610 2 0 |a partnerstvo verejno-súkromné 
610 2 0 |a Európa 
610 2 0 |a projekty medzinárodné 
100 1 |a Sokolíková, Ľubica